| 000 | 00375nam a2200145 a 4500 | ||
|---|---|---|---|
| 001 | 1170 | ||
| 003 | CDMR | ||
| 005 | 20130312182408.0 | ||
| 008 | 130130s1974||||||||||||||||||||||||||||d | ||
| 040 |
_aCDMR _bcat _cCDMR |
||
| 100 | 1 |
_aLinde Siles, Ricardo _9915 |
|
| 245 | 1 | 0 |
_aEn torno al derecho a la información _cRicardo Linde Siles |
| 260 |
_aBarcelona _c1974 |
||
| 942 |
_cTSN _2udc |
||
| 999 |
_c1170 _d1170 |
||